000 00637nam a2200169 i 4500
001 116540
003 ES-MaACL
005 20230906190726.0
007 t|
008 061121q19361940sp r ||||1| spa d
100 1 _aRodríguez de Partearroyo, Francisco
_c(médico)
_9156262
245 1 0 _aColapsoterapia de la tuberculosis pulmonar /
_cpor J. R. Partearroyo y F. Blanco Rodríguez.
260 _a[Madrid] :
_bEdic. "Revista Española de Tuberculosis",
_c[1936? o 1940?] (
_fGráf Uguina)
300 _a538 p., 2 gráf. pleg. :
_bil. ;
_c28 cm.
700 0 _aBlanco Rodríguez, Francisco.
_929284
852 _aES-MaACL
_jA-4913
_bR.16864
999 _c116540
_d116540